Normal view
MARC view
Entry Personal Name
001 - CONTROL NUMBER
- control field: 89401
003 - CONTROL NUMBER IDENTIFIER
- control field: dpl
005 - DATE AND TIME OF LATEST TRANSACTION
- control field: 20260616112311.0
008 - FIXED-LENGTH DATA ELEMENTS
- fixed length control field: 260616|| aca||aabn | a|a d
040 ## - CATALOGING SOURCE
- Original cataloging agency: dpl
- Transcribing agency: dpl
100 ## - HEADING--PERSONAL NAME
- Personal name: Parackal, Manoj Thomas
670 ## - SOURCE DATA FOUND
- Source citation: Work cat.: (dpl)216680: Parackal, Manoj Thomas, Remember and do not Forget/, 2024
